Normal view MARC view
  • Stehr, Frédéric,

Entry Nombre Personal

Number of records used in: 4

001 - NUMERO DE CONTROL

  • campo de control: 36555

003 - IDENTIFICADOR DE NUMERO DE CONTROL

  • campo de control: UPN

005 - FECHA Y HORA DE LA ÜLTIMA TRANSACCIÓN

  • campo de control: 20210219194515.0

008 - DATOS DE LONGITUD FIJA

  • campo de control de longitud fija: nabaccnnaabn|||||||||| b |nc|||||d

035 ## - NUMERO DE CONTROL

  • Número de control: UPN11000008662

040 ## - FUENTE DE CATALOGACIÓN

  • Lenguaje de catalogación: SPA
  • Agencia de transcripción: UPN

100 1# - ENCABEZAMIENTO - NOMBRE PERSONAL

  • Nombre personal: Stehr, Frédéric,
  • Fechas asociadas con el nombre: 1956-

670 ## - FUENTE EN LA QUE SE LOCALIZARON DATOS

  • Cita de la fuente: LC

680 ## - NOTA PUBLICA DE ACCESO PÚBLICO

  • Frase explicativa de la referencia: Nace en París. Estudia Bellas Artes, pero pasa más tiempo dibujando con su lápiz, en los jardines. Ejerce diversos oficios, como el de pintor o el de carpintero, antes de convertirse en un escritor-ilustrador.

902 ## - CATALOGADOR

  • Catalogador: MITM/200215